Matemáticas : 4º curso
Gespeichert in:
| 1. Verfasser: | |
|---|---|
| Weitere Verfasser: | |
| Format: | Buch |
| Sprache: | Spanisch |
| Erschienen: |
Madrid :
Unión Poligráfica,
1935
|
| Katalog: | MANES: Suchergebnis im Bibliothekskatalog |
| Schulbuchspezifische Eigenschaften: |
|
| Schriftenreihe: | Colección de Obras Didácticas para Bachillerato
|
| Tags: |
Tag hinzufügen
Keine Tags, Fügen Sie den ersten Tag hinzu!
|
| Hinzugefügt zu: | 09.02.2019 |
| Geändert in: | 07.05.2025 |
MARC
| LEADER | 00000cam a2200000#i 4500 | ||
|---|---|---|---|
| 005 | 20250507134552.0 | ||
| 008 | 190210s1935 esp fp 00 0 spa | ||
| 040 | |a uned |b spa |c entro-manes | ||
| 100 | 1 | |a Rey Pastor, Julio . |9 18044 | |
| 245 | 1 | 0 | |a Matemáticas : |b 4º curso / |c por J. Rey Pastor ; con la colaboración de P. Puig Adam |
| 260 | |a Madrid : |b Unión Poligráfica, |c 1935 | ||
| 300 | |a <1> (136 p.) | ||
| 490 | 0 | |a Colección de Obras Didácticas para Bachillerato | |
| 505 | 1 | |g parte 1ª. |t Aritmética | |
| 546 | |a España | ||
| 561 | |5 es-BUNED |3 L.T. 1738 |a España. Fondo Manes UNED |k MANES | ||
| 690 | 0 | |a MATE | |
| 691 | 0 | |a SE | |
| 700 | 1 | |a Puig Adam, Pedro . |9 19785 | |
| 942 | |2 ddc |c BK | ||
| 999 | |c 97501 |d 97501 | ||
| 999 | |c manes:97501 |d 97501 | ||